| 000 | 00913nam a22002057a 4500 | ||
|---|---|---|---|
| 001 | BD-DhSAU 6903 | ||
| 003 | BD-DhSAU | ||
| 005 | 20150514125145.0 | ||
| 008 | 150514b2001 bg ||||| |||| 00| 0 ben d | ||
| 040 | _aBD-DhSAU | ||
| 082 |
_222 _a৩৮১.০২০২ _bকৃষিউ |
||
| 100 | _aইসলাম, কাজী রেজাউল | ||
| 245 |
_aকৃষি উৎপাদন হাতবই / _cকাজী রেজাউল ইসলাম |
||
| 260 |
_aঢাকা : _bস্থানীয় সরকার প্রকৌশল অধিদপ্তর , _c২০০১. |
||
| 300 |
_aviii, ১৩৬ পৃ। : _bচিত্র ; _c২৫ সে মি। |
||
| 590 | _aJerin | ||
| 650 | _aAgronomy | ||
| 650 | _aকৃষি উৎপাদন | ||
| 710 | _aস্থানীয় সরকার প্রকৌশল অধিদপ্তর, এলজিইডি ভবন | ||
| 942 |
_2ddc _cBOOK |
||
| 999 |
_c6903 _d6903 |
||